00597nam a2200193Ia 4500008004100000050001500041050001600056100002900072245009200101245002900193260003100222260001000253260001000263300001500273300002000288300001100308500005600319521002800375170504s9999 xx 000 0 und d aHF 5549.2  b.Il29 2015  aIlustre, Jose Martin R.  aEvaluation of the training and development practices of oishi obento by its employees / cJose Martin R. Ilustre.  aLas Piñas, Philippines : bSISC, c2015. a32 pages : billustrations ; c28 cm. aIncludes bibliographical references and appendices. aBusiness Administration